000 00435nam a2200193Ia 4500
003 OSt
005 20230607180507.0
008 210423s1995 xx 000 0 und d
040 _cAL
041 _aeng
082 _a362.1
_223
_bBHAA
100 _aBHARATHI (Veena).
_9115870
245 _aArthritis.
260 _aBangalore
_bMallya Hospital
_c1995
300 _bPB
365 _cINR
906 _aArthritis.
942 _2ddc
_cBK
999 _c175345
_d175345